00733nam a22001097a 4500040000900000082002700009100001700036245043700053260002800490300001800518856008700536 cRUA  aAGR CHH 2012 B052 Or.1 aCHHAN SINET  aComparison of different irrigation techniques on chilli pepper yield at crop station in royal university of agriculture,(ប្រៀបធៀបបច្ចេកទេសស្រោចស្រពខុសគ្នាលើទិន្នផលម្ទេសនៅក្នុងស្ថានីយ៍ពិសោធន៍ដំណាំ នៃសាកលវិទ្យាល័យភូមិន្ទកសិកម្ម) aphnom penh bRUA c2012 ax, 43p.cill. uhttps://drive.google.com/file/d/1mC-H0YRlkrgtcQK9ujSEurGoT9ht63K4/view?usp=sharing